000 00787nam a2200193 a 4500
020 _a9264130462 (pbk.)
022 _a9264130462
082 0 0 _a388.3242
_bORG
_cL-18, P-22
245 0 0 _aRoute guidance and in-car communication systems :
_breport /
_cprepared by an OECD scientific experts group.
260 _aParis :
_bOrganisation for Economic Co-operation and Development ;
_aWashington, D.C. :
_bOECD Publications and Information Centre [distributor],
_c1988.
300 _a104 p. :
_bill. ;
_c27 cm.
526 _a0
_b0
_c0
_d388_324200000000000_ORG
650 0 _aAutomobile driving
_xAutomation.
_938716
650 0 _aHighway communications.
650 0 _aNUST
_96342
700 _aO.E.C.D
710 2 _aOrganisation for Economic Co-operation and Development.
_92909
942 _2ddc
_cBK
999 _c543357
_d543357